Exégesis sobre las reformas constitucionales en materia penal /

Zapisane w:
Opis bibliograficzny
1. autor: Benítez Treviño, Víctor Humberto (autor)
Format: Książka
Język:hiszpański
Wydane: Toluca, México : Universidad Autónoma del Estado de México, 1994, c1994
Seria:(Lecturas Críticas ; 14)
Hasła przedmiotowe:
Etykiety: Dodaj etykietę
Nie ma etykietki, Dołącz pierwszą etykiete!

MARC

LEADER 00000nam^a2200000^a^4500
001 000108627
005 20250521000000.0
009 20260310093653.894
020 |a 968-835-242-X 
037 |a Acervo ITESO - Biblioteca 
041 |a ESP 
082 |a 345. 72056  |b BEN 
100 |a Benítez Treviño, Víctor Humberto  |e (autor) 
245 1 0 |a Exégesis sobre las reformas constitucionales en materia penal /  |c V.H. Benítez Treviño ; presen. de José Martínez Pichardo. 
264 4 |a Toluca, México :  |b Universidad Autónoma del Estado de México,  |c 1994, c1994 
300 |a 68 p. 
336 |a texto  |b txt  |2 rdacontenido 
337 |a sin mediación  |b n  |2 rdamedio 
338 |a volumen  |b nc  |2 rdasoporte 
440 1 |a (Lecturas Críticas ;  |v 14) 
649 |a XX 
650 |a Delincuentes 
650 |a Garantías Individuales -  |z México 
650 |a Justicia -  |x Administración -  |z México 
650 |a Derechos Humanos 
650 |a Reforma Constitucional -  |z México 
650 |a Derecho Penal 
650 |a Derecho Público 
910 |a Fondo General 
920 |a Impresos - Libros 
930 |a Colección General 
905 |a 101 
901 |a 0500044112  |b IT1  |c ACC  |u 20250521 
902 |a https://opac.biblio.iteso.mx/vufind/Record/000108627